| Tag |
First Indicator |
Second Indicator |
Subfields |
| LEADER |
00000cam a2200000 a 4500 |
| 001 |
in00000007120 |
| 005 |
20151221095536.0 |
| 008 |
841210s1984 inua b 00110 eng d |
| 010 |
|
|
|a 81082193
|
| 020 |
|
|
|a 0934468109
|
| 035 |
|
|
|a (OCoLC)11474409
|
| 035 |
|
|
|9 AAA1590AM
|
| 040 |
|
|
|a OCO
|c OCO
|d m/c
|d TXA
|d UtOrBLW
|
| 049 |
|
|
|a TXAM
|c [A12613311]
|
| 050 |
|
4 |
|a PR4624
|b .H33 1984
|
| 100 |
1 |
|
|a Harrison, Michael,
|d 1907-1991.
|
| 245 |
1 |
2 |
|a A study in surmise :
|b the making of Sherlock Holmes /
|c Michael Harrison.
|
| 264 |
|
1 |
|a Bloomington, IN :
|b Gaslight Publications,
|c 1984.
|
| 300 |
|
|
|a xxviii, 274 pages :
|b illustrations ;
|c 24 cm.
|
| 336 |
|
|
|a text
|b txt
|2 rdacontent
|
| 337 |
|
|
|a unmediated
|b n
|2 rdamedia
|
| 338 |
|
|
|a volume
|b nc
|2 rdacarrier
|
| 504 |
|
|
|a Includes bibliographical references and index.
|
| 600 |
1 |
0 |
|a Doyle, Arthur Conan,
|d 1859-1930
|x Characters
|x Sherlock Holmes.
|
| 740 |
4 |
|
|a The making of Sherlock Holmes.
|
| 740 |
0 |
|
|a Sherlock Holmes.
|
| 999 |
|
|
|a MARS
|
| 999 |
f |
f |
|s e16876fd-113e-3073-9035-9b3d62b20635
|i 21c3e27a-8abf-39d6-a433-1dc21c65ef2c
|t 0
|
| 952 |
f |
f |
|p normal
|a Texas A&M University
|b College Station
|c Sterling C. Evans Library
|d Evans: Library Stacks
|t 0
|e PR4624 .H33 1984
|h Library of Congress classification
|i unmediated -- volume
|m A14812613311
|
| 998 |
f |
f |
|a PR4624 .H33 1984
|t 0
|l Evans: Library Stacks
|